Datum a čas kvízu
28.5
Celkem bodů
Celkový počet nahraných bodů na tomto kvízu bez doplňovacích otázek.
3.
Pořadí na kvízu
Konečné umístění týmu na tomto kvízu.
Zaznamenané odpovědi
| # | Otázka | Odpověď | Body | Výsledky |
|---|---|---|---|---|
| 1. | Ministerstvo zdravotnictví chy... | Reklamy by neměly zobrazovat živé bytosti. | 0 | |
| 2. | O tom, že Pláničkova metoda zv... | Pomocí virtuální reality. | 1 | |
| 3. | Část sbírek z jedné z nejslavn... | Zelená klenba (Grünes Gewölbe) | 0 | |
| 4. | Francouzská skupina LVMH (Moët... | Tiffany (& Co.) | 1 | |
| 5. | Zápas mezi Slavii a Interem si... | Miloš Zeman | 1 | |
| 6. | V tomto tématu se podíváme na... | kališní lístek | 0 | |
| 7. | Časopis Květy je zřejmě nejsta... | A | 1 | |
| 8. | Nestorka českého ženského teni... | Peschke | 1 | |
| 9. | Z následujících rostlin vybert... | D | 1 | |
| 10. | Zřejmě nejslavnější českou fil... | dědeček vycinkal | 0 |